Hej, podbiłeś moją stolicę! - Statystyki

Ogólne statystyki
  • Ten quiz został rozwiązany 1 795 razy
  • Średni wynik to 12 z 20
Statystyki odpowiedzi
Rok Stolica Zdobywca % Poprawnych
1940 Paryż Niemcy
91%
2003 Bagdad Stany Zjednoczone
91%
1812 Moskwa Francja
81%
1990 Kuwejt Irak
80%
1814 Waszyngton Wielka Brytania
74%
1939 Tirana Włochy
74%
1702 Warszawa Szwecja
70%
1979 Kabul Związek Radziecki
67%
1914 Belgrad Austro-Węgry
65%
1453 Konstantynopol Imperium Osmańskie
64%
1937 Nankin Japonia
63%
30 p. n. e. Aleksandria Cesarstwo Rzymskie
56%
1521 Tenochtitlán Hiszpania
55%
404 p. n. e. Ateny Sparta
46%
1881 Lima Chile
45%
1951 Lhasa Chiny
42%
539 p. n. e. Babilon Imperium Perskie
36%
597 p. n. e. Jerozolima Babilon
31%
1258 Bagdad Imperium Mongolskie
31%
1979 Kampala Tanzania
23%
Nie znaleziono quizów pasujących do podanych kryteriów
Rozkład punktacji
Procent ludzi z każdym wynikiem
Percentyl według liczby udzielonych odpowiedzi
Twoja historia wyników
Nie rozwiązałeś tego quizu